|
|
|
|
| LEADER |
02502nam a2200649 i 4500 |
| 001 |
nkc20243601507 |
| 003 |
CZ PrNK |
| 005 |
20250115071843.0 |
| 007 |
ta |
| 008 |
240416s2024 xr acehe 000 0dcze |
| 015 |
|
|
|a cnb003601507
|
| 020 |
|
|
|a 978-80-909233-0-0
|q (vázáno)
|
| 035 |
|
|
|a (OCoLC)1498300027
|
| 040 |
|
|
|a OLA001
|b cze
|d ABA001
|e rda
|
| 043 |
|
|
|a e-xr---
|b e-xr-pl
|2 czenas
|
| 045 |
|
|
|a x-y-
|
| 072 |
|
7 |
|a 72
|x Architektura
|2 Konspekt
|9 21
|
| 080 |
|
|
|a 792.05
|2 MRF
|
| 080 |
|
|
|a 725.822
|2 MRF
|
| 080 |
|
|
|a 72/76.05
|2 MRF
|
| 080 |
|
|
|a (437.317)
|2 MRF
|
| 080 |
|
|
|a (048.8)
|2 MRF
|
| 080 |
|
|
|a (082.2)
|2 MRF
|
| 080 |
|
|
|a (084.11)
|2 MRF
|
| 100 |
1 |
|
|a Zichová, Hana
|7 xx0215294
|4 aut
|
| 245 |
1 |
0 |
|a 120 let Velkého divadla :
|b DJKT /
|c autorka: Hana Zichová
|
| 246 |
3 |
|
|a Sto dvacet let Velkého divadla v Plzni
|
| 246 |
1 |
4 |
|a 120 let Velkého divadla v Plzni
|
| 264 |
|
1 |
|a [Plzeň] :
|b Divadlo Josefa Kajetána Tyla v Plzni, příspěvková organizace,
|c 2024
|
| 300 |
|
|
|a 517 stran :
|b ilustrace (některé barevné), portréty, plány, faksimile ;
|c 26 cm
|
| 336 |
|
|
|a text
|b txt
|2 rdacontent
|
| 336 |
|
|
|a statický obraz
|b sti
|2 rdacontent
|
| 337 |
|
|
|a bez média
|b n
|2 rdamedia
|
| 338 |
|
|
|a svazek
|b nc
|2 rdacarrier
|
| 504 |
|
|
|a Obsahuje bibliografii a bibliografické odkazy
|
| 610 |
2 |
7 |
|a Divadlo J.K. Tyla (Plzeň, Česko)
|7 kn20010710188
|2 czenas
|
| 648 |
|
7 |
|a 20.-21. století
|7 ch462155
|2 czenas
|
| 650 |
0 |
7 |
|a divadla
|7 ph119512
|z Česko
|y 20.-21. století
|2 czenas
|
| 650 |
0 |
7 |
|a divadelní budovy
|7 ph121370
|z Česko
|y 20.-21. století
|2 czenas
|
| 650 |
0 |
7 |
|a umělecká výzdoba
|7 ph136757
|z Česko
|y 20.-21. století
|2 czenas
|
| 650 |
0 |
9 |
|a theaters
|z Czechia
|y 20th-21st centuries
|2 eczenas
|
| 650 |
0 |
9 |
|a theater buildings
|z Czechia
|y 20th-21st centuries
|2 eczenas
|
| 650 |
0 |
9 |
|a artistic decoration
|z Czechia
|y 20th-21st centuries
|2 eczenas
|
| 651 |
|
7 |
|a Plzeň (Česko)
|7 ge130439
|2 czenas
|
| 651 |
|
9 |
|a Plzeň (Czechia)
|2 eczenas
|
| 655 |
|
7 |
|a monografie
|7 fd132842
|2 czenas
|
| 655 |
|
7 |
|a jubilejní publikace
|7 fd131839
|2 czenas
|
| 655 |
|
7 |
|a obrazové publikace
|7 fd132947
|2 czenas
|
| 655 |
|
9 |
|a monographs
|2 eczenas
|
| 655 |
|
9 |
|a jubilee books
|2 eczenas
|
| 655 |
|
9 |
|a pictorial works
|2 eczenas
|
| 710 |
2 |
|
|a Divadlo J.K. Tyla (Plzeň, Česko)
|7 kn20010710188
|4 isb
|
| 910 |
2 |
|
|a BOA001
|b 3-1535.750
|
| 990 |
|
|
|a BK
|
| 995 |
|
|
|a 01
|
| 991 |
|
|
|b 202501
|c NOV
|
| 996 |
6 |
|
|b 2610989349
|c 3-1535.750
|l MZK
|r Sklad / do 1 hodiny
|n 0
|p p.v.
|w 001988719
|u 000010
|a 1
|e BOA001
|j MZK50
|s P
|